00773nam a2200181 4500008004100000020001800041050002200059100001900081245009700100260005200197300004600249500005000295650001700345650003100362942003400393999001700427952014700444230629b |||||||| |||| 00| 0 eng d a9780691148199 aHC 79 .P6P67 2009 aCollins, Daryl a Portfolios of the poor : bhow the world's poor live on $2 a daycDaryl Collins...[et al.]. aNew Jersey:bPrinceton University Press,cc2009 aix, 283 pages : billustrations ;c 24 cm aIncludes bibliographical refrences and index. aMicrofinance aHome economicsxAccounting 2lcccBOOKShHC 79 .P6P67 2009 c31636d31636 00102lcc4070aMUCbMUCc%d2023-06-05eDonation - Chandaria Foundationg4699.00l0oHC 79 .P6P67 2009p39426r2023-06-29w2023-06-29yBOOKS